000
00292nam a22001337a 4500
008
170131b xxu||||| |||| 00| 0 eng d
020
_a
9241561785
041
_a
eng
080
_a
61
100
_a
3
101
_a
SHM
245
_a
THE WORLD HEALTH REPORT 1995
_c
NAKAJIMA, H
942
_2
udc
_c
BK
999
_c
4165
_d
4165